Welt Städte in der Nähe von Frankfurt - Statistiken

Allgemein
  • Dieses Quiz wurde 327 mal gespielt
  • Das Durchschnittsergebnis liegt bei 18 aus 30
Antwortstatistiken
km city miles % Korrekt
424 Berlin 263
97%
305 München 189
97%
153 Köln 95
96%
478 Paris 297
92%
393 Hamburg 244
91%
364 Amsterdam 226
84%
318 Brüssel 197
83%
598 Wien 372
83%
183 Düsseldorf 114
82%
153 Stuttgart 95
82%
184 Dortmund-Essen
The Ruhr
114
78%
411 Prag 255
77%
638 London 397
75%
672 Kopenhagen 418
72%
305 Zürich 189
70%
519 Mailand 322
65%
263 Hannover 163
63%
71 Mannheim 44
63%
416 Leipzig 259
62%
562 Lyon 349
61%
799 Marseille 497
58%
357 Rotterdam 222
56%
566 Turin 352
46%
326 Antwerpen 203
33%
781 Birmingham 485
28%
403 Lille 251
23%
757 Kattowitz 458
3%
751 Nottingham 466
3%
788 Sheffield 489
2%
719 Southampton 447
2%
Keine übereinstimmenden Quizze gefunden
Verteilung der Resultate
Anzahl Personen mit jedem Resultat
Perzentil nach korrekt beantworteten Fragen
Ihre Resultats-Entwicklung
Sie haben dieses Quiz noch nicht gespielt